[Event "Moscow Tal Memorial 7th"]
[Site "Moscow"]
[Date "2012.06.18"]
[Round "9"]
[White "McShane, Luke J"]
[Black "Carlsen, Magnus"]
[Result "0-1"]
[WhiteElo "2706"]
[BlackElo "2835"]
[Annotator "Knaak,Rainer"]
[PlyCount "80"]
[EventDate "2012.06.08"]
[EventType "tourn"]
[EventRounds "9"]
[EventCountry "RUS"]
[EventCategory "22"]
[SourceTitle "CBM 149"]
[Source "ChessBase"]
[SourceDate "2012.07.17"]
[SourceVersion "1"]
[SourceVersionDate "2012.07.17"]
[SourceQuality "1"]

{[%mdl 2]} 1. e4 e5 2. Nf3 Nc6 3. Bb5 a6 4. Ba4 Nf6 5. O-O Be7 6. Bxc6 dxc6 7. d3 Nd7 8. b3 O-O 9. Bb2 f6 10. Nc3 {Meistens wird der Springer nach d2 entwickelt, vermutlich nicht ohne Grund.} (10. Nbd2 Nc5 11. d4 (11. Nc4 $5 Ne6 12. Ne3) 11... exd4 12. Nxd4 $13) ({RR} 10. Nh4 g6 11. Nc3 Nc5 12. Ne2 f5 13. Nf3 fxe4 14. Nxe5 exd3 15. cxd3 Bf6 16. Qc2 Ne6 17. f4 Bg7 18. Rae1 Qd5 19. Kh1 g5 20. Ng4 Nd4 21. Bxd4 Bxg4 22. Bxg7 Kxg7 23. Nc3 Qc5 24. d4 Qd6 {Sanikidze,T (2459)-Nesterov,A (2568) Vrnjacka Banja SRB 2023 1-0 (35)}) 10... Re8 ({RR} 10... Nc5 11. Ne2 Ne6 12. Nh4 g6 13. Qd2 Bd6 14. Nf3 c5 15. c3 f5 16. exf5 gxf5 17. Qh6 Rf6 18. Qe3 Bd7 19. d4 e4 20. Ne5 Bxe5 21. dxe5 f4 22. Qxe4 Bc6 23. Qc2 Rh6 24. f3 Qh4 25. h3 {McShane,L (2696)-Svidler,P (2752) Warsaw 2013 0-1}) 11. Kh1 $146 ({RR} 11. Ne2 Nc5 12. h3 Bf8 13. Nh2 Ne6 14. Qd2 Bd6 15. Kh1 c5 16. Ng4 Nf4 17. Ne3 Be6 18. Nc4 Ng6 19. Qe3 b6 20. Rad1 a5 {½-½ (20) Hajtun,J-Pogats,J Budapest 1958}) 11... Nf8 12. Ne2 c5 13. Nh4 Ne6 14. Nf5 Bf8 15. Ne3 Nd4 16. f4 Be6 17. fxe5 fxe5 18. Ng1 ({Man kann auch gleich} 18. c3 {spielen, denn den Springertausch muss Weiß nicht fürchten. Aber der e2 soll sowieso nach f3 gehen.}) 18... g6 $1 19. c3 Nc6 20. Nf3 {Weiß hat für diese Aufstellung insgesamt 8 Springerzüge gebraucht.} Bg7 21. Qe1 $2 {Wenn Weiß die Stellung weiterhin geschlossen hält, muss er nichts fürchten. Dazu muss er auf ...a5 zu a4 in der Lage sein.} ({Prinzipiell spricht auch nichts gegen} 21. c4 $5 {, aber aus irgendeinem Grund wollte McShane so nie spielen.}) (21. Qc2 a5 22. a4 $11) 21... a5 $1 $15 ({Natürlich nicht} 21... Qxd3 $2 22. Rd1 Qb5 (22... Qxe4 23. Ng5) 23. Ng5 {und Schwarz sieht sich einem Angriff ausgesetzt, bei dem seine Dame nichts zur Verteidigung beiträgt.}) 22. Rd1 (22. a4 $2 Bxb3 23. c4 {funktioniert nicht, es folgt} Qxd3 $1 24. Ra3 Red8 25. Rf2 Nd4 {und Weiß kann aus der Stellung der schwarzen Dame keinen Nutzen ziehen.}) 22... a4 23. bxa4 {Dies ist vermutlich notwendig.} Rxa4 24. a3 Rf8 25. Bc1 {Das führt zu nichts, besser ist} (25. Qe2 {und Weiß sollte sich zunächst passiv verhalten, Schwarz muss erst mal einen Gewinnplan finden.}) 25... Ra8 26. Qg3 $6 {Die weißen Ambitionen am Königsflügel erhalten sofort einen Dämpfer:} Bb3 $1 27. Rde1 $2 (27. Rd2 Bh6 $1 28. Qf2 {mag hässlich sein, hält aber die materielle Balance.}) 27... Qxd3 {Schwarz gewinnt nun mühelos.} 28. Ng4 Be6 29. Nh6+ Kh8 30. Qh4 Bf6 31. Bg5 Bxg5 32. Qxg5 Kg7 33. Qc1 Rf4 34. Rd1 Qc4 35. Rfe1 Raf8 36. Ng5 Bc8 37. g3 Rf2 38. Nf5+ gxf5 39. Nh3 Re2 40. Qg5+ Kh8 0-1

[Event "Biel GM 45th"]
[Site "Biel"]
[Date "2012.07.23"]
[Round "1"]
[White "Carlsen, Magnus"]
[Black "Nakamura, Hikaru"]
[Result "1/2-1/2"]
[WhiteElo "2837"]
[BlackElo "2778"]
[PlyCount "78"]
[EventDate "2012.07.23"]
[EventType "tourn"]
[EventRounds "10"]
[EventCountry "SUI"]
[EventCategory "21"]
[SourceTitle "CBM 150"]
[Source "ChessBase"]
[SourceDate "2012.09.14"]
[SourceVersion "1"]
[SourceVersionDate "2012.09.14"]
[SourceQuality "1"]

1. e4 c5 2. Nf3 d6 3. d4 cxd4 4. Qxd4 a6 5. c4 Nc6 6. Qd1 Bg4 7. Be2 Nf6 8. Nc3 Bxf3 9. Bxf3 g6 10. O-O Bg7 11. Be3 O-O 12. Rc1 Nd7 $146 ({RR} 12... Rc8 13. Be2 Nd7 14. Qd2 Nc5 15. f3 Ne6 16. Rfd1 Qa5 17. b3 Bd4 18. Kh1 Bxe3 19. Qxe3 Qc5 20. Qh6 Ned4 21. Bd3 e6 22. Nd5 exd5 23. cxd5 Qb6 24. dxc6 bxc6 25. f4 c5 26. f5 Kh8 27. f6 {Belikov,V (2500)-Guliev,L (2350) Moscow 1996 1-0}) ({RR} 12... Rc8 13. b3 Qa5 14. Qd2 Rfd8 15. Nd5 Qxd2 16. Bxd2 Nxd5 17. exd5 Nd4 18. Bg4 f5 19. Bd1 Kf7 20. Re1 Rd7 21. g4 Rf8 22. Rc3 f4 23. Rd3 e5 24. dxe6+ Nxe6 25. Bf3 Re8 26. Bb4 Nc5 27. Bd5+ {Makka,E (2107)-Koutsogiannopoulou,T (1886) Anogia 2013 1-0 (54)}) 13. Be2 Nc5 14. f3 Rc8 15. Kh1 e5 16. Nd5 Ne6 17. Qd2 Ncd4 18. Bd3 Nc7 19. Bg5 f6 20. Be3 Nxd5 21. cxd5 Qb6 22. Rc3 Rc5 23. Bxd4 exd4 24. Rcc1 Rxc1 25. Rxc1 Rf7 26. Rc8+ Rf8 27. Rc4 Rf7 28. Qc1 Bf8 29. g3 Be7 30. Kg2 Bd8 31. Rc8 Kg7 32. Qd2 Bc7 33. h4 Rf8 34. Rxf8 Kxf8 35. h5 Kg7 36. h6+ Kf7 37. f4 Bd8 38. Qf2 Qc5 39. Qe2 Qc1 1/2-1/2

[Event "Biel GM 45th"]
[Site "Biel"]
[Date "2012.07.29"]
[Round "3"]
[White "Bologan, Viktor"]
[Black "Carlsen, Magnus"]
[Result "0-1"]
[WhiteElo "2732"]
[BlackElo "2837"]
[Annotator "Kritz,Leonid"]
[PlyCount "80"]
[EventDate "2012.07.23"]
[EventType "tourn"]
[EventRounds "10"]
[EventCountry "SUI"]
[EventCategory "21"]
[SourceTitle "CBM 150"]
[Source "ChessBase"]
[SourceDate "2012.09.14"]
[SourceVersion "1"]
[SourceVersionDate "2012.09.14"]
[SourceQuality "1"]

1. e4 c5 2. Nf3 Nc6 3. Bb5 d6 {Dieser Zug wurde zuletzt oft gespielt. Die anderen Hauptvarianten sind 3...g6 und 3...e6.} (3... g6 4. Bxc6 dxc6 5. d3 Bg7 6. h3 Nf6 7. Nc3 O-O 8. Be3 b6 9. Qd2 $14 {Weiß hat die etwas angenehmere Stellung.}) (3... e6 4. Bxc6 bxc6 5. d3 $132 {Hier spielt Weiß gegen den schlechten schwarzen Läufer c8 und hat eine bessere Bauernstruktur. Die entstehenden Stellungen sind jedoch sehr kompliziert.}) 4. O-O (4. Bxc6+ bxc6 5. O-O e5 6. c3 Nf6 7. Re1 Bg4 $132 {mit gleichen Chancen.}) 4... Bd7 5. Re1 Nf6 6. h3 {Eine relativ seltene Fortsetzung. Der Hauptzug ist 6.c3.} (6. c3 a6 7. Bf1 Bg4 8. h3 Bxf3 9. Qxf3 g6 10. d3 Bg7 11. Be3 Nd7 12. Nd2 O-O 13. Qd1 Rc8 $132 {Kasparov - Vachier Lagrave (Clichy, 2011)}) 6... e6 {Gut spielbar ist hier auch 6...a6.} (6... a6 7. Bf1 e5 8. c3 Be7 9. d4 Qc7 10. d5 Nd8 $132 {Die Stellung ist sehr ähnlich zu Spanischen Strukturen, jedoch sieht es so aus, als ob Schwarz schon alles erreicht hat, was man in einem typischen Spanier erreichen will.}) 7. c3 d5 {Wenn Schwarz das Spiel gleich vereinfachen will, kann er 7...e5 spielen.} (7... Ne5 8. Bxd7+ Qxd7 9. d4 Nxf3+ 10. Qxf3 cxd4 11. cxd4 d5 12. e5 Ng8 13. Nc3 Ne7 14. Qd3 Nc6 $11 {Rozentalis - Chernyshov (Bad Wiessee, 2009)}) 8. d3 {Das logische 8.e5 funktioniert hier überhaupt nicht.} (8. e5 $2 Nxe5 $1 $19) 8... a6 9. Ba4 b5 {Das sofortige Nehmen auf e4 wäre etwas besser, weil Weiß dann keine extra Möglichkeiten bekäme.} (9... dxe4 10. dxe4 b5 11. Bc2 {9....b5}) 10. Bc2 (10. exd5 $5 Nxd5 (10... bxa4 11. dxc6 Bxc6 12. Ne5 $16) 11. c4 Nb6 (11... bxa4 12. cxd5 Nb4 13. dxe6 Bxe6 14. Nc3 $16) 12. Bb3 Be7 13. Nc3 bxc4 14. dxc4 O-O 15. Bf4 $14) 10... dxe4 11. dxe4 e5 $1 {Sonst würde Weiß selbst e5 spielen.} (11... Be7 12. e5 Nd5 13. Be4 $14) 12. a4 $146 (12. Nbd2 Be7 13. Nf1 Be6 14. Ne3 O-O $11 {Weiß kann üblicherweise keinen großen Nutzen aus dem Feld d5 ziehen, weil Schwarz die Kontrolle darüber hat.}) ({RR} 12. Bg5 Be7 13. a4 Be6 14. axb5 axb5 15. Qxd8+ Rxd8 16. Ra6 Kd7 17. Na3 Kc7 18. Nxb5+ Kb7 19. Raa1 h6 20. Bh4 Kb6 21. Na3 c4 22. Ba4 Bd6 23. Bg3 Nd7 24. Red1 Ndb8 25. Rxd6 Rxd6 26. Nxe5 Nxe5 {Golubev,R (2340)-Polschikov,A (2406) Cheliabinsk 2016 1-0 (41)}) ({RR} 12. Bg5 Be7 13. Nbd2 Be6 14. Qe2 {½-½ (14) Lorenzo de la Riva,L (2427)-Pulvett Marin,D (2441) Sabadell 2013}) 12... Be7 13. axb5 axb5 14. Rxa8 Qxa8 15. Bg5 {Nach 15.a3 hätte Schwarz mehr Probleme zu lösen:} (15. Na3 Qb8 $1 (15... Qa6 $6 16. Bg5 $1 Be6 (16... h6 17. Bxf6 Bxf6 18. Qd6 Be7 19. Qd3 c4 20. Qd5 $14) 17. Nxb5 $3 Qxb5 18. Nxe5 $1 $16) 16. Bg5 h6 17. Bxf6 Bxf6 18. Qd5 Qb6 $11) 15... Be6 16. Na3 b4 17. Nb1 $2 {Weiß hat sich nicht getraut, den Springer auf b5 zu stellen und gerät in eine schwierige Lage.} (17. cxb4 $1 cxb4 18. Nb5 Qb8 19. Bxf6 gxf6 (19... Bxf6 20. Nd6+ Ke7 21. Nf5+ Bxf5 22. exf5 Rd8 23. Qe2 Kf8 24. Bb3 $14) 20. Bd3 O-O 21. Nh4 $36) 17... O-O {Weiß hat zu viel Zeit verloren.} 18. Ba4 h6 19. Bh4 ({Das Nehmen auf c6 funktioniert nicht:} 19. Bxc6 Qxc6 20. Nxe5 Qc7 21. Bf4 Bd6 $19) 19... Rd8 20. Nbd2 g5 $5 {Schwarz will den weißen schwarzfeldrigen Läufer ausschalten.} 21. Bg3 Nd7 22. Bb3 (22. Bxc6 Qxc6 23. Nxe5 Nxe5 24. Bxe5 Qd7 $19) 22... Nf8 23. Qc2 {Nun hätte man den Bauern nehmen können, aber Schwarz würde auch dann Kompensation haben.} (23. Bxe6 Nxe6 24. Nxe5 bxc3 25. bxc3 Nxe5 26. Bxe5 Qa2 27. Re2 c4 28. Qe1 Qa4 $44) 23... f6 24. Nc4 (24. Bxe6+ Nxe6 25. Qb3 Kf7 26. Nc4 Qa6 27. Ne3 h5 28. Nd5 c4 29. Qd1 h4 $36 {Weiß hat einen sehr starken Springer auf d5, aber der Rest seiner Figuren macht nichts.}) 24... Qa6 25. Qe2 $2 {Das ist ein Fehler, der dazu führt, dass Schwarz endgültig die Initiative übernimmt.} (25. Ne3 c4 26. Qe2 bxc3 27. bxc3 Rd3 28. Nxc4 Rxc3 29. Ne3 Qxe2 30. Bxe6+ Nxe6 31. Rxe2 $11) 25... Rb8 $1 26. Ne3 Qxe2 27. Bxe6+ Nxe6 28. Rxe2 Ra8 $1 {Der Bauer b2 wird nun zum Angriffsziel schwarzer Figuren.} 29. h4 Ra2 30. Kf1 Kf7 {Schwarz hat es nicht eilig - er aktiviert seine Figuren und bringt den König ins Zentrum, immer eine gute Strategie im Endspiel.} 31. Bh2 Na5 32. hxg5 hxg5 33. Rd2 b3 {Die Frage wäre immer noch, wie kommt Schwarz voran, doch Weiß hilft ihm.} 34. Bxe5 $2 {Nun verliert Weiß forciert.} (34. Ke1 $1 {und das Spiel läuft noch.}) 34... g4 $1 {Das gewinnt am sichersten.} (34... fxe5 35. Nxe5+ Ke8 36. Ke2 $15 {Schwarz hat natürlich Vorteil, doch Weiß will seinen König nach g4 bringen, den Springer auf c4 stellen und Schwarz wird sich noch quälen müssen.}) 35. Nxg4 Nc4 36. Re2 (36. Rd7 fxe5 37. Nfxe5+ Nxe5 38. Nxe5+ Ke8 39. Rd2 Bg5 40. Re2 Nf4 $19 {und der Bauer b2 geht verloren.}) 36... Nxb2 {Nun ist das Spiel vorbei, der Bauer b2 ist viel wichtiger als die Figur.} 37. Nd2 c4 38. Bg3 Nd3 39. f4 Nexf4 40. Bxf4 Ra1+ 0-1

[Event "Biel GM 45th"]
[Site "Biel"]
[Date "2012.07.27"]
[Round "5"]
[White "Carlsen, Magnus"]
[Black "Giri, Anish"]
[Result "1/2-1/2"]
[WhiteElo "2837"]
[BlackElo "2696"]
[PlyCount "97"]
[EventDate "2012.07.23"]
[EventType "tourn"]
[EventRounds "10"]
[EventCountry "SUI"]
[EventCategory "21"]
[SourceTitle "CBM 150"]
[Source "ChessBase"]
[SourceDate "2012.09.14"]
[SourceVersion "1"]
[SourceVersionDate "2012.09.14"]
[SourceQuality "1"]

1. e4 e5 2. Nf3 Nf6 3. Nxe5 d6 4. Nf3 Nxe4 5. d3 Nf6 6. d4 d5 7. Bd3 Bd6 8. O-O O-O 9. h3 h6 10. c4 dxc4 11. Bxc4 Nc6 12. Nc3 a6 13. Re1 $146 ({RR} 13. a3 Bf5 14. Be3 Qd7 15. b4 Rfe8 16. Re1 Ne4 17. Rc1 Rad8 18. Nxe4 Bxe4 19. Nd2 Bf5 20. Bf1 Be6 21. Nb3 Bd5 22. Nc5 Qc8 23. Qh5 Bf8 24. Bd3 g6 25. Qh4 Bg7 26. Bxh6 Bxd4 27. Red1 Bb2 {Silich,Y (2272)-Skvortsov,A (2138) Novi Sad 2021 ½-½ (44)}) ({RR} 13. a3 Bf5 14. Be3 Qd7 15. b4 Rfe8 16. Re1 Ne4 17. Rc1 Rad8 18. Nxe4 Bxe4 19. Nd2 Bf5 20. Bf1 Be6 21. Nb3 Bd5 22. Nc5 Qc8 23. Qh5 Bf8 24. Bd3 g6 25. Qh4 Bg7 26. Bxh6 Bxd4 27. Red1 Bb2 {Silich,Y (2272)-Skvortsov,A (2138) Novi Sad 2021 ½-½ (44)}) 13... Re8 14. Be3 b5 15. Bf1 Bb7 16. Rc1 Ne7 17. Ne5 Ned5 18. Nxd5 Nxd5 19. Bd2 Qf6 20. Qh5 c5 21. a4 c4 22. Re4 Bxe5 23. dxe5 Qg6 24. Qh4 Nf6 25. Ree1 Ne4 26. Bc3 Rad8 27. axb5 axb5 28. Bb4 Nd2 29. Qg4 Qxg4 30. hxg4 Nb3 31. Rb1 Bc8 32. f3 Rd5 33. Rbd1 Red8 34. Bd6 Rxd1 35. Rxd1 Be6 36. Be2 f6 37. exf6 gxf6 38. Bf4 Rxd1+ 39. Bxd1 Kg7 40. Be3 Bf7 41. f4 Bd5 42. Kf2 b4 43. Bc2 c3 44. bxc3 bxc3 45. Bf5 Nd2 46. Bd4 Ne4+ 47. Kg1 Kf7 48. Bxe4 Bxe4 49. Bxc3 1/2-1/2

[Event "Biel GM 45th"]
[Site "Biel"]
[Date "2012.08.02"]
[Round "10"]
[White "Carlsen, Magnus"]
[Black "Bacrot, Etienne"]
[Result "1/2-1/2"]
[WhiteElo "2837"]
[BlackElo "2713"]
[PlyCount "124"]
[EventDate "2012.07.23"]
[EventType "tourn"]
[EventRounds "10"]
[EventCountry "SUI"]
[EventCategory "21"]
[SourceTitle "CBM 150"]
[Source "ChessBase"]
[SourceDate "2012.09.14"]
[SourceVersion "1"]
[SourceVersionDate "2012.09.14"]
[SourceQuality "1"]

1. e4 e5 2. Nf3 Nc6 3. Bb5 Nf6 4. d3 Bc5 5. Bxc6 dxc6 6. Nbd2 Be6 7. b3 ({RR} 7. Nb3 Bd6 8. O-O c5 9. Na5 Qc8 10. b3 O-O 11. Nc4 Nd7 12. Ng5 Bxc4 13. bxc4 f6 14. Nf3 f5 15. exf5 Rxf5 16. Qe2 b6 17. Bb2 Qf8 18. Rae1 Re8 19. Nd2 Re7 20. Ne4 Qf7 21. Bc1 Qg6 {Nepomniachtchi,I (2793)-Carlsen,M (2859) Almaty KAZ 2022 1-0 (40)}) ({RR} 7. O-O Bd6 8. d4 Nd7 9. b3 Qe7 10. Bb2 f6 11. Qe2 Bg4 12. h3 Bh5 13. Qe3 exd4 14. Nxd4 Bg6 15. Nc4 Bc5 16. Rfe1 O-O-O 17. Qf4 Nb6 18. Nf5 Qd7 19. Nxb6+ Bxb6 20. Bc3 Rhe8 21. a4 a6 {Lutz,C (2526)-Seel,C (2477) Germany GER 2024 ½-½ (36)}) 7... Ng4 8. O-O f6 9. Qe2 $146 ({RR} 9. Nc4 Qd7 10. h3 h5 11. Ne3 g5 12. Re1 O-O-O 13. hxg4 hxg4 14. Nh2 Bxe3 15. fxe3 Rxh2 16. Kxh2 Qh7+ 17. Kg1 Rh8 18. Kf2 g3+ 19. Ke2 Bg4+ 20. Kd2 Bxd1 21. Kxd1 f5 22. exf5 Qxf5 23. Bb2 Rh2 {Pirogov,V (2396)-Galiev,A (2261) Uljanovsk 2010 0-1 (35)}) ({RR} 9. Nc4 Qe7 10. a3 a6 11. b4 Ba7 12. Qe2 g5 13. Rb1 h5 14. a4 Qd7 15. Nfd2 h4 16. Nb3 h3 17. g3 Nh6 18. Be3 Bxe3 19. Nxe3 b6 20. a5 Qe7 21. axb6 cxb6 22. Nd2 Kf7 23. Ndc4 b5 {Bologan,V (2672)-Grischuk,A (2779) Khanty-Mansiysk 2013 0-1 (54)}) 9... Qd7 10. Nc4 g5 11. Rb1 b5 12. Ne3 h5 13. c3 Qh7 14. d4 Bb6 15. Nc2 O-O-O 16. a4 exd4 17. Nfxd4 Bd7 18. b4 Rhe8 19. Re1 a6 20. Ra1 Kb7 21. axb5 axb5 22. c4 bxc4 23. Qxc4 Ra8 24. Rxa8 Rxa8 25. Bd2 h4 26. Qc3 h3 27. Qxh3 Qxh3 28. gxh3 Ne5 29. Kg2 Rh8 30. Nf5 Ng6 31. Ncd4 Bxd4 32. Nxd4 Rxh3 33. Re3 Nf4+ 34. Kg1 Rh8 35. Nb3 Kb6 36. Nc5 Bc8 37. Ra3 Bh3 38. f3 Rd8 39. Bxf4 gxf4 40. Nd3 Rg8+ 41. Kf2 Rg2+ 42. Ke1 Rxh2 43. Nxf4 Bc8 44. Ra8 Kb7 45. Ra5 Kb6 46. Nd3 Rc2 47. Rh5 Ra2 48. Rh8 Ba6 49. Nc5 Re2+ 50. Kd1 Rf2 51. Ra8 Bb5 52. Rb8+ Ka7 53. Rb7+ Ka8 54. Rxc7 Rxf3 55. Kd2 Kb8 56. Rf7 Kc8 57. Kc2 Rf1 58. Nb7 Rf3 59. Nd6+ Kd8 60. Kb2 Ba4 61. Nb7+ Ke8 62. Nd6+ Kd8 1/2-1/2

[Event "Grand Slam Final 5th"]
[Site "Sao Paulo/Bilbao"]
[Date "2012.09.24"]
[Round "1"]
[White "Caruana, Fabiano"]
[Black "Carlsen, Magnus"]
[Result "1-0"]
[WhiteElo "2773"]
[BlackElo "2843"]
[PlyCount "181"]
[EventDate "2012.09.24"]
[EventType "tourn"]
[EventRounds "10"]
[EventCountry "BRA"]
[EventCategory "22"]
[SourceTitle "CBM 151"]
[Source "ChessBase"]
[SourceDate "2012.11.13"]
[SourceVersion "1"]
[SourceVersionDate "2012.11.13"]
[SourceQuality "1"]

1. e4 e6 2. d4 d5 3. Nc3 Bb4 4. e5 c5 5. a3 Bxc3+ 6. bxc3 Ne7 7. Nf3 Nbc6 8. Bd3 Bd7 9. O-O Qc7 10. Re1 Na5 ({RR} 10... h6 11. a4 g5 12. Ba3 c4 13. Bf1 Ng6 14. h3 O-O-O 15. Qd2 Rdg8 16. Nh2 h5 17. Qxg5 Ngxe5 18. Qf4 Ng6 19. Qxc7+ Kxc7 20. Nf3 a5 21. h4 Nce7 22. Bc1 f6 23. g3 Nf5 24. Bg2 Nd6 25. Nd2 {Van der Weide,K (2451)-Miedema,D (2373) Netherlands 2013 0-1 (48)}) ({RR} 10... Ng6 11. a4 c4 12. Bf1 Nce7 13. Ba3 Nf5 14. g4 Nfh4 15. Nxh4 Nxh4 16. Bd6 Qd8 17. Re3 Qg5 18. Rg3 O-O-O 19. Ba3 f6 20. Bc1 Qg6 21. f4 fxe5 22. dxe5 Bc6 23. Qd4 h5 24. f5 exf5 25. gxf5 {Ferrari,C (1735)-Fernandez Rodriguez,A (1817) Montevideo URU 2025 1-0 (58)}) 11. Ng5 $146 ({RR} 11. a4 b6 12. Ng5 h6 13. Nh3 Nec6 14. Qg4 Nc4 15. Qxg7 O-O-O 16. Be3 f5 17. Nf4 h5 18. Qf6 Rde8 19. Bxc4 dxc4 20. Ng6 Rh7 21. dxc5 bxc5 22. Nf8 Rhe7 23. Bxc5 Qa5 24. Bxe7 Nxe7 25. Nxd7 Nd5 {Donaldson Akhmilovskaya,E (2295)-Ranniku,M (2250) Moscow 1979 1-0 (34)}) ({RR} 11. a4 c4 12. Bf1 O-O-O 13. Ba3 Nf5 14. g4 Nh6 15. Bd6 Qc6 16. Nd2 f6 17. Be7 Rdg8 18. h3 f5 19. Qe2 Qc7 20. Bc5 Nc6 21. Reb1 Qd8 22. f3 Nf7 23. a5 h5 24. a6 hxg4 25. axb7+ Kb8 {Jadenkus,H-Anschuetz,M (2043) Plateliai 2001 0-1 (47)}) 11... Ng6 12. Re3 c4 13. Be2 Nc6 14. Bh5 Nce7 15. Qg4 Ba4 16. Ra2 Nf5 17. Re1 O-O-O 18. Nf3 Kb8 19. h4 Rdf8 20. Qh3 Nge7 21. Qh2 h6 22. Bg4 g5 23. h5 Ng7 24. Nd2 f5 25. exf6 Qxh2+ 26. Kxh2 Rxf6 27. Bf3 Rhf8 28. Nf1 Nef5 29. Bg4 Be8 30. Bxf5 Nxf5 31. Ne3 Nxe3 32. Bxe3 Bxh5 33. Kg3 Bg6 34. Rb2 h5 35. f3 g4 36. Bg5 Rf5 37. f4 Re8 38. Re2 Kc7 39. Rb1 Rf7 40. Rh1 Rh7 41. Kf2 Kb6 42. g3 Ka5 43. Ke3 Bf5 44. Kd2 Rc8 45. Bh4 Rd7 46. Rb1 Rc6 47. Ree1 Rb6 48. Rxb6 Kxb6 49. Rb1+ Kc7 50. Kc1 Rd6 51. Kb2 Rb6+ 52. Kc1 Ra6 53. Kb2 Be4 54. Bg5 Kd7 55. Bh4 Ke8 56. Ka2 b6 57. Kb2 Kf7 58. Re1 b5 59. Rb1 Kg6 60. Re1 Kf7 61. Ra1 Rb6 62. Rb1 Kg6 63. Kc1 Ra6 64. Kb2 Kf5 65. Re1 Rb6 66. Rb1 a5 67. Kc1 Bg2 68. Kd2 Ke4 69. Re1+ Kf3 70. Re2 b4 71. axb4 axb4 72. Re3+ Kf2 73. Re2+ Kf3 74. Re3+ Kf2 75. Re2+ Kg1 76. Re1+ Kh2 77. cxb4 Rxb4 78. Rxe6 Be4 79. Rxe4 dxe4 80. f5 Kg2 81. Ke3 Rb2 82. d5 Rxc2 83. d6 c3 84. d7 Rd2 85. d8=Q Rxd8 86. Bxd8 h4 87. gxh4 g3 88. f6 c2 89. Kd2 e3+ 90. Kxc2 e2 91. Ba5 1-0

[Event "Grand Slam Final 5th"]
[Site "Sao Paulo/Bilbao"]
[Date "2012.09.25"]
[Round "2"]
[White "Vallejo Pons, Francisco"]
[Black "Carlsen, Magnus"]
[Result "0-1"]
[WhiteElo "2697"]
[BlackElo "2843"]
[Annotator "ChessBase"]
[PlyCount "83"]
[EventDate "2012.09.24"]
[EventType "tourn"]
[EventRounds "10"]
[EventCountry "BRA"]
[EventCategory "22"]
[SourceTitle "CBM 151"]
[Source "ChessBase"]
[SourceDate "2012.11.13"]
[SourceVersion "1"]
[SourceVersionDate "2012.11.13"]
[SourceQuality "1"]

1. e4 d6 2. d4 Nf6 3. Nc3 e5 4. dxe5 ({Zur Hauptvariante der Philidorverteidigung führt} 4. Nf3 Nbd7 5. Bc4 Be7 6. O-O O-O) 4... dxe5 5. Qxd8+ Kxd8 6. Nf3 (6. Bg5 Be6 7. O-O-O+ Nbd7 8. Nf3 Bd6 {ist Zugumstellung.} (8... Kc8 $5)) ({Die Alternative ist} 6. Bc4 Be6 (6... Ke8 $5) 7. Bxe6 fxe6) 6... Bd6 7. Bg5 Be6 8. O-O-O Nbd7 {Laut Datenbankstatistik macht Schwarz mit dieser Position bemerkenswerte 64%} 9. Nb5 Ke7 10. Nxd6 cxd6 11. Bb5 ({Auf} 11. Nd2 {folgt auch} h6 12. Bh4 g5 13. Bg3) ({RR} 11. Nd2 h6 12. Bxf6+ Nxf6 13. f3 Rhc8 14. c3 a6 15. Kb1 b5 16. Nb3 Rab8 17. Na5 Rb6 18. a3 d5 19. exd5 Nxd5 20. Bd3 Nf4 21. Bf1 f5 22. g3 Nd5 23. Bd3 Ne3 24. Rde1 f4 25. gxf4 exf4 {Goltsev,D (2226)-Duda,J (2739) chess.com INT 2025 0-1 (48)}) 11... Rhd8 ({Bisher sah man hier} 11... Nc5 {z.B.:} 12. Rhe1 a6 13. Bf1 Rac8 14. Kb1 b5 15. Nd2 h6 16. Bxf6+ Kxf6 $11 {Rajkovic,L (2208)-Colovic,D (2356) Vrnjacka Banja 2007, 0-1 (43)}) ({RR} 11... Nc5 12. Bxf6+ gxf6 13. Rhe1 a6 14. Bf1 Bg4 15. Rd2 Bxf3 16. gxf3 Ne6 17. c3 Rhg8 18. Red1 Rad8 19. Bh3 Nf4 20. Bf5 h6 21. c4 Rg2 22. c5 Rxh2 23. Rxd6 Rxd6 24. cxd6+ Kd8 25. Rd2 Ne6 26. Rc2 {Castillo Pena,P (1909)-Figuero Toro,J (2182) chess.com INT 2025 0-1 (37)}) 12. Nd2 h6 $146 ({RR} 12... Rac8 13. Kb1 a6 14. Be2 h6 15. Bh4 Rc7 16. f3 Rdc8 17. c3 Nb6 18. Nf1 Nc4 19. Bxc4 Rxc4 20. Ne3 R4c5 21. Rd2 g5 22. Bf2 R5c6 23. Rhd1 b5 24. Nc2 a5 25. Na3 Rb8 26. Nc2 b4 27. cxb4 {Tanaka,T (1838)-Sakai,S (1831) Tokyo 2013 ½-½ (69)}) 13. Bh4 g5 14. Bg3 a6 15. Bxd7 {Das Läuferpaar ist hier nichts wert.} Rxd7 16. f3 Rc8 17. Kb1 Nh5 18. Nf1 ({Auch nach} 18. Bf2 Nf4 19. g3 Nh3 20. Be3 (20. Bb6 Rc6 21. Be3 f5) 20... f5 {liegt die Initiative bei Schwarz.}) 18... f5 19. exf5 Bxf5 20. Ne3 Bg6 21. Rd2 Ke6 22. b3 b5 23. Kb2 d5 {Fast zwangläufig ist Weiß aus der Eröffnung heraus in eine passive Position geraten.} 24. Re1 Nxg3 25. hxg3 h5 26. c3 {Schwarz drohte b5-b4 oder d5-d4 und das Feld c3 wird schwach.} d4 27. cxd4 Rxd4 28. Rxd4 exd4 {mit der kleinen Pointe, dass Weiß keinen wirksamen Springerabzug hat.} 29. Nc2+ (29. Nc4+ Kf6 {und der Springer gerät auf Abwege.} (29... Kd5 $4 30. Nb6+)) 29... Kd5 30. Nb4+ Kd6 31. Rc1 (31. Nxa6 Rc2+ 32. Ka3 Rxg2 {und die weißen Königsflügelbauern fallen.}) 31... Rxc1 32. Kxc1 h4 33. gxh4 gxh4 34. Nxa6 ({Die Alternative war} 34. Kd2 a5 (34... Ke5 35. Ke2 Kf4 36. Kf2 a5 37. Nd5+ Ke5 38. Ne7 Be8 {reicht wohl auch für Schwarz.}) 35. Nc2 (35. Nd3 Bxd3 36. Kxd3 Ke5 $19) 35... Bxc2 36. Kxc2 {mit gewonnenem Bauernendspiel für Schwarz.} Ke5 37. Kd3 Kf4 38. Kxd4 Kg3 $19) 34... Bd3 35. Nb4 Bf1 36. Kd2 Bxg2 37. Ke2 Bh3 38. a4 (38. Nd3 Bf5 39. Nf2 b4 40. f4 h3 41. Kf3 Kd5 42. Nd1 Bb1 $19) 38... Bf5 39. axb5 d3+ 40. Ke3 h3 41. Nxd3 Bxd3 42. Kd4 0-1